000 00917cab a2200289 4500
001 ABS56726
008 090401t1997 xxu||||| |||| 00| 0 eng d
035 _a(Sirsi) u77170
041 _aeng
100 _aDonnellan, M.
245 _aWill the new formula wash whiter?
260 _c1997
350 _a0
490 _aInside Housing
_v28 February 1997, 16-17(2)
520 _aExplains the changes to the law on assured tenancies, introduced by the Housing Act 1996 and which came into force on 28 February 1997. Assesses the effects on new lettings by social and private landlords.
650 _aASSURED TENANCIES
650 _aHOUSING ACT 1996
650 _aHOUSING ASSOCIATIONS
650 _aPOSSESSION PROCEDURE
650 _aPRIVATE RENTED SECTOR
650 _aRENT ARREARS
650 _aSOCIAL LANDLORDS
690 _aHOUSING
700 _aPayne, J.
942 _n0
948 _c18/03/1997
999 _c48500
_d48500